Measurement of trees. Woodland supplement (Record no. 89404)

MARC details
000 -LEADER
fixed length control field 00452cam a2200193 4500
001 - CONTROL NUMBER
control field D16409
008 - FIXED-LENGTH DATA ELEMENTS--GENERAL INFORMATION
fixed length control field 090401t1942 xxu||||| |||| 00| 0 eng d
035 ## - SYSTEM CONTROL NUMBER
System control number (Sirsi) u29197
041 ## - LANGUAGE CODE
Language code of text/sound track or separate title eng
050 ## - LIBRARY OF CONGRESS CALL NUMBER
Classification number 634.9285
100 ## - MAIN ENTRY--PERSONAL NAME
Personal name Davey, Reginald
245 ## - TITLE STATEMENT
Title Measurement of trees. Woodland supplement
260 ## - PUBLICATION, DISTRIBUTION, ETC.
Place of publication, distribution, etc. Nutley
Name of publisher, distributor, etc. Forest Press
Date of publication, distribution, etc. 1942
300 ## - PHYSICAL DESCRIPTION
Extent 12p ; 19cm
350 ## - PRICE (NR) (BK AM CF MU VM SE) [OBSOLETE]
Price 0
520 ## - SUMMARY, ETC.
Summary, etc. Shelf 114
942 ## - ADDED ENTRY ELEMENTS (KOHA)
Suppress in OPAC 0
948 ## - LOCAL PROCESSING INFORMATION (OCLC); SERIES PART DESIGNATOR (RLIN)
c (OCLC) 04/03/1997
Holdings
Withdrawn status Lost status Source of classification or shelving scheme Damaged status Not for loan Home library Current library Shelving location Date acquired Total Checkouts Full call number Barcode Date last seen Copy number Price effective from Koha item type
    Other/Generic Classification Scheme     London London Basement 19/08/1991   SHELF 114 30019233 06/08/2019 1 06/08/2019 Book